[Event "MPL 47th National Women Chess-ch 2022"]
[Site "Odisha"]
[Date "2022.02.28"]
[Round "7.6"]
[White "Priyanka, Kumari"]
[Black "Arpita, Mukherjee"]
[Result "0-1"]
[WhiteElo "1910"]
[BlackElo "2260"]
[Annotator "TA"]
[PlyCount "92"]
[EventDate "2022.02.25"]
[EventCountry "IND"]
[SourceTitle "playchess.com"]
[Source "ChessBase"]
[SourceQuality "1"]

{[%evp 9,92,19,17,10,0,14,0,-2,2,0,0,15,7,0,9,-14,-16,-14,-15,-18,0,0,0,-4,25,35,84,79,108,94,42,0,0,-97,-103,-91,109,131,103,66,252,271,700,670,856,841,29984,325,292,37,35,21,8,27,20,-521,-514,-519,-502,-937,-397,-394,-364,-328,-195,-189,-191,-204,0,-496,-488,-548,-536,-442,-390,-993,-991,-29991,-29992,-29992,-29992,-29992,-29993,-29994,-29995]} 1. e4 c5 2. Nf3 d6 3. d4 cxd4 4. Nxd4 Nf6 5. Nc3 a6 6. h4 {B90: Sicilian Najdorf: Unusual White 6th moves, 6 Be3 Ng4 and 6 Be3 e5.} e5 7. Nb3 Be6 8. f4 {The position is equal.} b5 9. f5 Bc8 10. a4 b4 11. Nd5 {[#]} Nbd7 $146 (11... Nxe4 12. Qf3 Nc5 13. Bg5 $18) ({Predecessor:} 11... Bb7 12. Bc4 Nbd7 13. Bg5 Be7 14. Qd3 O-O 15. Bxf6 Nxf6 16. Nxf6+ Bxf6 17. O-O-O Bxh4 {1-0 (35) Shukhman,A (1986)-Getman,T (2271) Moscow 2021}) 12. g4 Bb7 13. Bg2 Nxd5 14. exd5 Be7 15. g5 h6 {[%cal Rh6g5]} 16. Qg4 {[%cal Of5f6] Hoping for f6!} Rc8 (16... Nb6 $5 {[%cal Rd8c7]}) 17. f6 $1 gxf6 (17... Bxf6 $1 $14 18. gxf6 Nxf6 19. Qxb4 (19. Qxg7 $2 Rg8 $19) 19... Rxc2) 18. g6 $16 h5 (18... Rxc2 $2 19. gxf7+ Kxf7 20. Be4 $18) 19. Qf5 {aiming for Be4.} Nb6 (19... fxg6 $2 20. Qxg6+ Kf8 21. Bh6+ Rxh6 22. Qxh6+ Kg8 23. Be4 $18) 20. gxf7+ (20. g7 $14 Rg8 21. Qh7) 20... Kxf7 $11 {Threatens to win with ...Qg8.} 21. Qe6+ (21. Bh3 $1 $11 Qc7 22. Rg1 Qxc2 23. Qe6+ Ke8 24. Rg7 Qe4+ 25. Kf1 Nxd5 26. Bh6 (26. Bg2 Qd3+ 27. Kg1 Rc7 $11) 26... Qh1+ 27. Ke2 Rc2+ 28. Nd2 Qh2+ 29. Kd1 Rxd2+ 30. Bxd2 Qh1+ 31. Ke2 (31. Be1 $2 Qf3+ 32. Kc1 Qe4 $19) 31... Qe4+ 32. Kf2 Qd4+ 33. Ke1 Qe4+ 34. Kf2 Qxh4+ 35. Kf1 Qc4+ 36. Ke1 Qe4+ 37. Kf2 Qh4+ 38. Kf1 Qc4+ 39. Ke1 Qe4+ 40. Kf2 Qd4+ 41. Ke1 Qe4+) 21... Ke8 $1 $17 22. Na5 Rc7 (22... Bxd5 $6 23. Bxd5 Nxd5 24. Nb7 $11 (24. Qxd5 Rc5 $17)) (22... Ba8 $1 $17 23. Nc6 Qd7 24. Qxd7+ Nxd7 25. Nxb4 a5) 23. Nxb7 $16 Rxb7 24. a5 Nc4 (24... Nd7 $1 $14) 25. Bh3 $1 $18 {And now Rg1 would win.} Qc7 $2 (25... Qd7 26. Qxd7+ Rxd7) 26. Rg1 {[%cal Oc1h6] White wants to mate with Bh6!} Qc5 27. Rg3 {[%cal Oc1h6] Black must now prevent Bh6!} e4 {[#]} 28. Bf5 $2 (28. Rg7 Ne5 $14) (28. Bh6 $1 {[%mdl 512] mates} Rf8 (28... Qe3+ 29. Bxe3) 29. Bxf8 Ne5 30. Bxe7 Nf3+ 31. Rxf3 $1 {[%mdl 512]} Qg1+ 32. Kd2 Qd4+ 33. Kc1) 28... Ne5 29. Bxe4 {This bishop pair is nice.} (29. Be3 $18 Qxc2 30. Rg8+ Rxg8 31. Qxg8+ Bf8 32. Bg6+ Nxg6 33. Rc1) 29... Qd4 $14 30. Qc8+ (30. Qf5 $5 {[%cal Rc1e3]}) 30... Bd8 $132 {[%mdl 2048] Black is not holding back} 31. Qxb7 Qxe4+ 32. Re3 $2 {[%mdl 8192]} (32. Be3 $1 $11 {and White has nothing to worry.} Qh1+ 33. Rg1) 32... Qxh4+ $19 33. Kd1 Qh1+ (33... Kf8 34. c3 $11) 34. Kd2 (34. Re1 $142 Qf3+ 35. Re2) 34... Qh2+ (34... Rg8 $142 {( -> ...Rg2+)} 35. Re2 Kf8 36. Qxb4 Qxd5+ 37. Kc3 Qf3+ 38. Re3 Qc6+ 39. Kb3 Rg4) 35. Re2 Qf4+ 36. Ke1 Qh4+ (36... Qg3+ $142 37. Kd1 Qg1+ 38. Re1 Qg4+ 39. Re2 h4) 37. Kd1 {[#]} Qh1+ $1 {[%mdl 1024] Black has strong compensation.} 38. Kd2 {[#]} f5 $2 {Dancing on a razor blade.} ({Black should try} 38... Rg8 $1 $19 39. c3 (39. Qxa6 $2 Rg3 $19) (39. Qxb4 $2 Qxd5+ 40. Kc3 Rg3+ 41. Be3 f5 $19) 39... Qf3 40. Rxe5+ (40. Qxa6 Qxd5+ 41. Kc2 b3+ 42. Kb1 Rg1 43. Ra3 Qd1 44. Rxe5+ fxe5 45. Qc6+ Kf7) 40... fxe5) 39. Qc6+ $2 {[%mdl 8192]} ({Not} 39. Qxb4 $2 Bg5+ 40. Kc3 Qf3+ 41. Be3 Bxe3 42. Qb8+ Kf7 43. Qc7+ Kg6 44. Qxd6+ Kg5 45. Rxe3 (45. Qe7+ $2 Kg4 $19) 45... Qxe3+ $19) (39. c3 $1 $11 {and White stays safe.} Qf3 40. Rxe5+ (40. Qxa6 b3 $15) (40. cxb4 Qd3+ 41. Ke1 Bh4+ 42. Kf1 Qd1+) 40... dxe5 41. Kc2 b3+ 42. Kxb3 Qd1+ 43. Ka3) 39... Kf7 40. Qb7+ Kg6 41. c3 Qf3 42. Qxa6 (42. Rxe5 dxe5 43. Kc2) 42... Qxd5+ 43. Ke1 Bh4+ {Black mates.} 44. Rf2 Nd3+ {[%mdl 64] Pin, Double Attack} 45. Kf1 Bxf2 46. Bd2 Re8 {Weighted Error Value: White=0.85/Black=0.54} 0-1

[Event "MPL 47th National Women Chess-ch 2022"]
[Site "Odisha"]
[Date "2022.02.28"]
[Round "7.7"]
[White "Chitlange Sakshi"]
[Black "Sharma Isha"]
[Result "1/2-1/2"]
[WhiteElo "2205"]
[BlackElo "2253"]
[Annotator "TA"]
[PlyCount "79"]
[EventDate "2022.02.25"]
[EventCountry "IND"]
[SourceTitle "playchess.com"]
[Source "ChessBase"]
[SourceQuality "1"]

{[%evp 18,79,28,21,56,29,46,27,39,2,12,0,0,-1,0,2,6,2,5,0,0,0,0,0,0,0,0,0,0,0,0,0,14,0,0,0,0,-12,0,0,22,29,36,36,36,36,36,29,36,36,36,29,29,29,29,22,25,25,37,0,16,0,31,0]} 1. d4 Nf6 2. c4 g6 3. Nc3 Bg7 4. e4 d6 5. Be2 O-O 6. Bg5 c5 7. d5 h6 8. Be3 e6 9. Nf3 exd5 10. exd5 Ng4 {E75: King's Indian: Averbakh Variation: 6...c5 7 d5 e6.} 11. Bd2 f5 12. O-O Nd7 {White has an edge.} 13. h3 Nge5 14. Nxe5 Nxe5 {[#]} 15. f4 $146 ({Predecessor:} 15. Bf4 g5 16. Bh2 f4 17. f3 Qe8 18. Ne4 Qg6 19. Nf2 Bf5 20. Qd2 Rae8 21. Rfe1 {½-½ (42) Dybowski,J (2275)-Hawelko,M (2420) Naleczow 1985}) 15... Nd7 16. Bd3 Nf6 17. Qf3 Bd7 18. Rab1 Qc7 19. Kh1 Rae8 20. Rg1 h5 {To avoid g4} 21. Rge1 Kf7 22. Rxe8 Rxe8 23. Re1 Rxe1+ 24. Bxe1 a6 25. Qe2 Bh6 26. Bd2 ({But not} 26. Bh4 Bxf4 27. Qe1 Be5 $17) 26... Qd8 27. Kg1 Ng8 28. Bc2 Qe8 29. Qxe8+ Bxe8 30. Bd3 Nf6 {[%cal Bg8f6,Bf6e8,Be8c7][%mdl 32]} 31. Kf2 Bd7 32. Kf3 Ne8 33. a4 b6 34. b3 Nc7 35. Nd1 Bg7 36. Ne3 Bd4 37. Nc2 {[#] Strongly threatening a5.} Bg7 38. Ne3 Bd4 39. Nc2 Bg7 40. Ne3 {Weighted Error Value: White=0.07 (flawless) /Black=0.03 (flawless)} 1/2-1/2

[Event "MPL 47th National Women Chess-ch 2022"]
[Site "Odisha"]
[Date "2022.02.28"]
[Round "7.8"]
[White "Gomes, Mary Ann"]
[Black "Swati Ghate"]
[Result "1-0"]
[WhiteElo "2361"]
[BlackElo "2136"]
[Annotator "TA"]
[PlyCount "99"]
[EventDate "2022.02.25"]
[EventCountry "IND"]
[SourceTitle "playchess.com"]
[Source "ChessBase"]
[SourceQuality "1"]

{[%evp 9,99,48,43,26,14,24,30,25,23,20,22,18,22,23,30,21,24,24,39,14,64,3,10,9,8,0,0,0,2,7,8,17,11,10,21,8,27,31,29,22,27,20,18,20,142,143,150,101,65,89,375,315,360,319,464,443,455,461,470,470,470,469,466,466,465,452,454,417,402,394,383,375,587,561,553,539,835,817,795,795,726,629,29952,29955,29938,12847,29945,12850,29980,29981,29989,29990]} 1. Nf3 d5 2. g3 Nd7 3. d4 Nb6 4. Bg2 Nf6 5. O-O Bf5 6. Nbd2 {[%cal Oc2c4] D02: 1 d4 d5 2 Nf3 sidelines, including 2...Nf6 3 g3 and 2...Nf6 3 Bf4.} h6 7. c4 e6 (7... Nxc4 8. Nxc4 dxc4 9. Ne5 $16) 8. Ne5 {White has an edge.} c6 9. Qb3 Qc8 {[#]} 10. a4 $146 {[%cal Ba2a4,Ba4a5][%mdl 32]} ({Predecessor:} 10. Re1 Be7 11. e4 dxe4 12. Nxe4 Nxe4 13. Bxe4 Bxe4 14. Rxe4 Nd7 15. Bf4 O-O 16. Rd1 Rd8 17. Ree1 Nxe5 18. Bxe5 Bd6 19. Bxd6 Rxd6 20. d5 cxd5 21. cxd5 Rb6 {½-½ (21) Pantsulaia,L (2553)-Mchedlishvili,M (2570) Tornelo INT 2020}) 10... Be7 11. a5 Nbd7 12. Ndf3 {[%cal Oa5a6]} O-O 13. Bf4 {[%cal Oa5a6]} Be4 14. a6 bxa6 (14... b6 $1 $11) 15. Qa4 (15. Rfc1 $14) 15... dxc4 16. Qxc4 c5 17. Nxd7 Nxd7 18. Qxa6 Qxa6 19. Rxa6 cxd4 20. Nxd4 Bxg2 21. Kxg2 Bf6 {[#] ...e5 is the strong threat.} 22. Nc6 Bxb2 23. Bd6 Rfe8 24. Rb1 {[%mdl 1024] White has compensation.} Bf6 25. Rb7 Nb6 26. e4 {[%cal Be2e4,Be4e5][%mdl 32]} Nc4 (26... e5 $11) 27. e5 $36 {[%mdl 2048] White has strong initiative.} Bd8 28. Ra4 {White is much more active. Black has bad knights.} ({But not} 28. Raxa7 $6 Bb6 29. Rxa8 Rxa8 $11) ({White should try} 28. Rbxa7 Rxa7 29. Rxa7) 28... Nxd6 29. exd6 Rf8 $2 {[%mdl 8192] A mistake that costs the game.} (29... a5 $16 {might work better.}) 30. Raxa7 $18 Rc8 31. Ra6 {Black must now prevent d7.} f5 {[#]} (31... g5 {was necessary.} 32. d7 Rxc6 33. Rxc6 Kg7) 32. Raa7 $1 Bf6 (32... Rxc6 $2 {leads to mate.} 33. Rxg7+ Kh8 34. Rh7+ Kg8 35. Rag7#) 33. Ne7+ Kh7 34. Nxc8 Rxc8 {[%mdl 4096] Endgame KRR-KRB} 35. Ra6 e5 36. Rc7 Rd8 37. h4 {[%cal Bh2h4,Bh4h5][%mdl 32]} Kg6 38. d7 Kf7 39. h5 Ke7 40. Raa7 Kd6 (40... e4 {is a better defense.} 41. Rcb7 Bc3) 41. Rc1 Ke6 42. Rd1 Be7 43. Ra6+ Kf7 44. Rc6 Bf6 45. Rc8 Ke7 46. Rxd8 Kxd8 47. g4 fxg4 48. Kg3 Be7 49. Kxg4 Bc5 50. Kf5 {Weighted Error Value: White=0.08 (flawless) /Black=0.73} 1-0

[Event "MPL 47th National Women Chess-ch 2022"]
[Site "Odisha"]
[Date "2022.02.28"]
[Round "7.9"]
[White "Rakshitta Ravi"]
[Black "Mohota, Nisha"]
[Result "1/2-1/2"]
[WhiteElo "2278"]
[BlackElo "2147"]
[Annotator "TA"]
[PlyCount "40"]
[EventDate "2022.02.25"]
[EventCountry "IND"]
[SourceTitle "playchess.com"]
[Source "ChessBase"]
[SourceQuality "1"]

{[%evp 9,40,11,12,18,0,-3,45,44,50,75,71,73,58,65,72,10,18,25,20,17,17,0,0,0,10,0,0,-33,-38,-43,-43,-41,1041]} 1. Nf3 d5 2. d4 e6 3. c4 a6 4. g3 dxc4 5. Bg2 Nc6 6. O-O {D30: Queen's Gambit Declined: Systems without Nc3.} Rb8 {[#]} 7. Nbd2 $146 {[%cal Bb1d2,Bd2c4,Bc4d6,Bd6f7,Bf7d6][%mdl 32]} ({Predecessor:} 7. e4 Nf6 8. Nc3 Be7 9. Qe2 b5 10. Rd1 O-O 11. d5 exd5 12. e5 d4 13. exf6 Bxf6 14. Ne4 Be7 15. b3 d3 16. Qd2 Bg4 17. Bb2 Bxf3 18. Bxf3 {½-½ (40) Matlakov,M (2682)-Rakhmanov,A (2657) Ufa 2021}) 7... Nxd4 (7... b5 $1 $11 {was preferrable.}) 8. Nxc4 $14 {White is slightly better.} Nxf3+ 9. Bxf3 {Strongly threatening Qxd8+.} Qxd1 10. Rxd1 f6 11. Be3 Ne7 12. Bb6 {White is much more active. Black has bad knights.} cxb6 13. Nd6+ Kd7 {[%cal Oe7d5] [#] Threatens to win with ...Nd5!} 14. Nf7+ {[%mdl 1024] White has compensation.} Ke8 15. Nd6+ Kd7 {[%cal Oe7d5] ...Nd5! is the strong threat.} 16. Nf7+ Ke8 17. Nd6+ Kd7 {[%cal Oe7d5] aiming for ...Nd5!} 18. Rac1 Nd5 $1 {Black is slightly better.} 19. Nxc8 Rxc8 20. Rxd5+ Ke8 $2 {[%mdl 40960] Weighted Error Value: White=0.17 (very precise) /Black=0.04 (flawless) . An unexpected result.} (20... Bd6 $15 21. Rdd1 Rxc1 22. Rxc1 Rb8) 1/2-1/2

[Event "MPL 47th National Women Chess-ch 2022"]
[Site "Odisha"]
[Date "2022.02.28"]
[Round "7.10"]
[White "Srija, Seshadri"]
[Black "Nimmy, A.G."]
[Result "1-0"]
[WhiteElo "2219"]
[BlackElo "2110"]
[Annotator "TA"]
[PlyCount "137"]
[EventDate "2022.02.25"]
[EventCountry "IND"]
[SourceTitle "playchess.com"]
[Source "ChessBase"]
[SourceQuality "1"]

{[%evp 13,137,25,28,16,47,44,56,31,52,58,46,43,54,54,64,66,89,84,88,85,74,68,82,89,72,69,112,115,147,131,149,149,149,149,149,149,149,149,149,149,149,149,155,152,163,154,160,149,165,152,152,152,157,157,193,195,189,184,184,176,368,366,353,332,578,574,561,529,554,528,1069,1108,955,970,935,922,29977,29977,29969,6291,4882,0,1222,1268,1050,987,1427,1425,1075,937,1465,1372,2597,2172,5497,3010,29972,29973,29972,29973,29981,29982,29980,29980,29986,29986,29985,29986,29988,29989,29989,29989,29991,29990,29991,29992,29992,29993,29993,29994,29994,29995,29996,29997,29997,29998]} 1. e4 c5 2. Nf3 d6 3. d4 cxd4 4. Nxd4 Nf6 5. Nc3 Nc6 6. Bg5 e6 7. Bb5 Bd7 8. Qd3 $1 {[%mdl 4] is more profitable than 8.Bxc6 at the moment. B62: Sicilian: Richter-Rauzer: 6...e6: Unusual White 7th moves.} a6 9. Bxc6 bxc6 10. O-O-O {White is slightly better.} h6 11. Bh4 {[%cal Oe4e5]} Be7 12. f4 O-O {[#]} 13. Nb3 $146 ({Predecessor:} 13. e5 Nd5 14. Bxe7 Qxe7 15. Qg3 Nxc3 16. Qxc3 d5 17. Nb3 Rfb8 18. Qc5 Kf8 19. Rhf1 {1-0 (29) Mohammad Fahad,R (2319)-Baches Garcia,G (2329) Chess.com INT 2020}) 13... d5 14. e5 Ne8 15. Bxe7 Qxe7 16. Qd4 {To avoid c5} Nc7 17. Qc5 Qxc5 18. Nxc5 Bc8 19. N3a4 Rb8 {To avoid Nb6} (19... a5 $14) 20. Rhe1 $16 Rb4 21. g3 Rd8 22. a3 {[%cal Ba2a3,Ba3a4][%mdl 32]} Rb5 23. Nb3 {Pair of Knights!} Bd7 24. Nac5 Kf8 25. a4 Rb4 26. Na5 Ke7 27. c3 Rb6 28. b4 Bc8 29. Rd2 Bd7 30. Red1 {[%cal Be1d1,Bd1f1,Bf1f5][%mdl 32]} Rbb8 31. Kc2 Rg8 32. Rf1 Rbf8 33. Re2 {White is much more active.} h5 34. f5 exf5 35. Nxd7 Kxd7 36. Rxf5 g6 $2 (36... h4 {was called for.} 37. Ref2 (37. gxh4 f6 $16) 37... f6) 37. Rf6 $18 Ne6 38. Ref2 Nd8 $2 (38... Rg7 {was necessary.} 39. Nxc6 Kxc6) 39. Rd6+ Kc7 40. Rff6 Re8 41. Nxc6 Nxc6 42. Rxc6+ {[%mdl 4096] Endgame KRR-KRR} Kb7 43. Rb6+ Kc7 44. Rxa6 Rxe5 45. Rxf7+ Kb8 46. Rb6+ (46. Raa7 $142 d4 47. Rfb7+ Kc8 48. a5 Rb5 49. Rxb5 d3+ 50. Kd1 Rf8 51. Ra8+ Kd7 52. Rxf8) 46... Ka8 47. Ra6+ (47. a5 $142 Rf5 48. Rxf5 gxf5 49. Rh6) 47... Kb8 48. Rfa7 {[#] Strongly threatening Ra8+.} Rge8 49. Ra8+ Kc7 50. Rxe8 Rxe8 {KR-KR} 51. Kd3 Rg8 52. Kd4 h4 53. gxh4 Rh8 54. Rxg6 {[#] Black must now prevent a5.} Rxh4+ 55. Kxd5 {White mates.} Rxh2 56. Rg5 Rh6 57. a5 Rd6+ 58. Kc4 Kb7 59. b5 {[%cal Bb4b5,Bb5b6][%mdl 32]} Rd7 60. Kb4 Rd1 61. Rg7+ Kb8 62. a6 Rd6 63. Kc5 Rh6 64. b6 {[%cal Rg7g8]} Rh5+ 65. Kb4 {[%cal Rg7g8]} Rh8 66. c4 Rf8 67. Kb5 Re8 68. a7+ Ka8 69. Ka6 {Weighted Error Value: White=0.20 (precise) /Black=0.44} 1-0

[Event "MPL 47th National Women Chess-ch 2022"]
[Site "Odisha"]
[Date "2022.02.28"]
[Round "7.11"]
[White "Chandreyee, Hajra"]
[Black "Sahithi Varshini M"]
[Result "1/2-1/2"]
[WhiteElo "2001"]
[BlackElo "2238"]
[Annotator "TA"]
[PlyCount "120"]
[EventDate "2022.02.25"]
[EventCountry "IND"]
[SourceTitle "playchess.com"]
[Source "ChessBase"]
[SourceQuality "1"]

{[%evp 20,120,-6,-12,55,52,59,27,48,-20,68,50,60,53,106,75,61,-59,-18,-21,-10,-15,43,-7,-10,-34,0,0,112,0,72,39,90,87,87,72,88,18,38,0,30,0,0,0,21,23,38,39,62,20,109,108,87,87,87,87,73,0,0,6,0,-7,-15,-7,-14,-9,0,0,0,0,31,0,0,3,5,-20,-20,-253,-37,-19,10,2,60,0,0,0,0,-8,-4,-17,0,0,0,0,0,0,0,0,0,0,0,0,0]} 1. e4 c5 2. Nf3 d6 3. d4 cxd4 4. Nxd4 Nf6 5. Nc3 a6 6. Be2 e5 7. Nb3 Be7 8. O-O {[%cal Bh1f1,Bf1f2,Bf2d2][%mdl 32]} O-O 9. Kh1 b6 {9...Be6 is the recent fashion.} 10. Be3 Bb7 11. f3 Nbd7 {B92: Sicilian Najdorf: 6 Be2.} (11... b5 $1 $11) 12. a4 $1 $14 Rc8 13. Rf2 {[#]} Re8 $146 {White has an edge.} ({Predecessor:} 13... Rc7 14. Bf1 Qa8 15. Rd2 Rfc8 16. Bf2 h6 17. h3 g6 18. Nc1 Rxc3 19. bxc3 d5 20. exd5 Bxd5 {1-0 (52) Ivanchuk,V (2747)-Wei,Y (2707) Doha 2016}) 14. Qf1 (14. Bd3 $14) 14... Ra8 (14... d5 $11 15. exd5 (15. Bxa6 Bxa6 16. Qxa6 d4 $17) 15... Bb4) 15. Rd1 Qc7 {[%cal Od6d5]} 16. Bc4 h6 (16... Rec8 $14 17. Bd3 g6) 17. Rfd2 (17. Nc1 {keeps more tension.} Nc5 18. b3 Bc8 19. N1a2 Be6 20. Nb4) 17... Rec8 18. Bd5 (18. Be2 $14) 18... Bxd5 (18... Nxd5 $15 {feels stronger.} 19. exd5 Qc4) 19. exd5 $11 Nh7 20. f4 Nhf6 (20... Bf6 $11) 21. Qf3 (21. fxe5 $14 Nxe5 22. Re2) 21... Rab8 22. Re2 Qc4 23. Bf2 {[%cal Ob3d4]} Ne8 {[#]} (23... Bf8 $11) 24. Qh3 (24. Nd4 $1 $16 {[%cal Rd4c6][%mdl 512]}) 24... Qc7 (24... Nef6 $11 {keeps the balance.}) 25. fxe5 (25. Bg3 $5 {[%cal Rf4e5]}) 25... Nxe5 (25... dxe5 $14 26. Nd2 Nd6) 26. Nd4 $16 Bf8 27. Nf5 Ng6 28. Rd4 {Prevents Nf4. White is much more active. Black has bad knights.} (28. Qf3 $16) 28... Nf6 29. Ne4 Qd8 30. Qf3 (30. c3 {looks sharper.} b5 31. axb5 axb5 32. Re1 Ra8 33. Rf1) 30... Nxe4 31. Rdxe4 Ne5 32. Qh3 Qf6 33. Bh4 g5 34. Be1 (34. Bg3 $14 {should be considered.}) 34... Ng6 (34... g4 $11 35. Qh5 Qg6 36. Qxg6+ fxg6) 35. Bc3 Rxc3 36. bxc3 {Black must now prevent Re8.} Nf4 {[#]} 37. Rxf4 gxf4 38. Qg4+ ({Better is} 38. g3 $16 Kh7 39. gxf4) 38... Qg5 $11 39. Qxg5+ hxg5 {[%mdl 4096] Endgame KRB-KRN} 40. Nd4 Bg7 41. Nc6 Ra8 42. c4 {Inhibits b5.} Kf8 {[%cal Ob6b5]} 43. Kg1 a5 44. Re7 Re8 45. Rb7 Bc3 46. Rxb6 Re2 47. h3 Rxc2 {Threatens to win with ...Bd2.} 48. Rb5 $2 {[#]} (48. Kf1 $1 $11 {and White is okay.}) 48... Rc1+ $2 (48... Bd2 $1 $19 49. Kf1 Rxc4) 49. Kf2 $15 Be1+ 50. Ke2 {[%cal Oc4c5] aiming for c5!} Bc3 (50... Bg3 $11) 51. Nxa5 (51. c5 $14 dxc5 52. Rxc5 Re1+ 53. Kd3 Re3+ 54. Kc4) 51... Bxa5 $11 {The position is equal.} 52. Rxa5 Rxc4 $14 {KR-KR} 53. Kf3 Rc3+ 54. Kf2 Ke7 55. Ra7+ Kf6 56. Rd7 Rc2+ 57. Kf3 Rc3+ 58. Kf2 Rc2+ 59. Kf3 Rc3+ 60. Kf2 Rc2+ {Weighted Error Value: White=0.32/Black=0.34} 1/2-1/2

[Event "MPL 47th National Women Chess-ch 2022"]
[Site "Odisha"]
[Date "2022.02.28"]
[Round "7.13"]
[White "Pandey Srishti"]
[Black "Bhagyashree Patil"]
[Result "1/2-1/2"]
[WhiteElo "2177"]
[BlackElo "1974"]
[Annotator "TA"]
[PlyCount "110"]
[EventDate "2022.02.25"]
[EventCountry "IND"]
[SourceTitle "playchess.com"]
[Source "ChessBase"]
[SourceQuality "1"]

{[%evp 16,110,27,31,27,43,54,6,55,56,115,116,130,118,157,149,207,156,191,81,81,79,69,81,70,69,90,85,100,100,102,68,93,54,66,30,72,33,63,56,102,95,100,96,192,178,182,189,189,171,187,189,208,222,297,189,195,172,196,179,180,145,163,153,150,52,45,38,41,45,50,2,115,90,105,89,83,49,172,134,247,122,122,122,118,112,99,106,142,141,129,0,0,0,0,0,0]} 1. d4 d5 2. c4 e6 3. Nf3 Nf6 4. Nc3 Be7 5. Bf4 O-O 6. e3 b6 7. Bd3 Bb7 8. cxd5 exd5 9. O-O Nbd7 {D37: Queen's Gambit Declined: 5 Bf4.} 10. Ne5 Nxe5 11. Bxe5 {[#]} (11. dxe5 $14 Nd7 12. Qg4 (12. Qh5 g6 $11)) 11... Ne4 $146 (11... g6 $11) ({Predecessor:} 11... c5 12. Bb1 cxd4 13. exd4 Ba6 14. Re1 Bd6 15. Qc2 Bxe5 16. dxe5 Ne4 17. Nxe4 dxe4 18. Qxe4 {1-0 (60) Bernard,I (1219)-Loppin,T (1061) Tornelo INT 2020}) 12. Qc2 $14 {[%cal Rc3e4]} f5 {[#]} ({Black should play} 12... f6 $14 13. Bxe4 dxe4) 13. Nb5 $1 $16 Bd6 14. Bxd6 (14. Nxc7 Rc8 15. Bxd6 Nxd6 $17) 14... cxd6 15. f3 a6 (15... Rc8 $16 16. Qe2 a6) 16. Na3 Qg5 17. Rae1 (17. fxe4 $18 {is the precise move to win.} Qxe3+ 18. Kh1 fxe4 19. Be2) 17... Rfc8 18. Qd1 Nf6 19. Qb3 b5 20. Nc2 Rc7 21. Qb4 Rac8 22. Re2 Ne8 23. Qe1 Nf6 24. h4 Qh5 25. Qg3 Rd8 (25... Ne4 $1 $11 26. Qf4 (26. fxe4 dxe4 27. Bxb5 axb5 $15) 26... h6) 26. Rd2 Bc8 27. Qg5 $1 $36 {[%mdl 2048] White has good play.} Qg6 (27... Be6 $14) 28. g4 Rf8 29. gxf5 Qxg5+ (29... Qe8 $16 30. Rg2 Bb7) 30. hxg5 $18 Nh5 31. Nb4 Bxf5 32. Nxd5 Bxd3 33. Rxd3 (33. Nxc7 Bxf1 34. Kxf1 Rxf3+ 35. Ke2 Rg3 $11) 33... Rcf7 34. Kg2 {Prevents Ng3.} h6 35. gxh6 gxh6 36. f4 Kh7 37. Rh1 Rf5 38. Ne7 Rxf4 39. Rxh5 R4f7 40. Nf5 {Prevents Rg7+.} Rxf5 $14 41. Rxf5 Rxf5 {[%mdl 4096] Endgame KR-KR} 42. Ra3 $1 Rg5+ 43. Kh2 (43. Kh3 $14 {might be stronger.}) 43... Rh5+ (43... Kg6 $1 $11 {keeps the balance.}) 44. Kg3 $16 Rg5+ 45. Kh4 Rg2 46. b4 Rb2 (46... Kg7 $1 $14) 47. Rxa6 Rxb4 (47... Re2 $16 48. Rb6 (48. Rxd6 Rxe3 49. Kh5 Kg7 $16) 48... Rxa2) 48. Kh5 ({Resist} 48. Rxd6 $6 Rb2 $16) (48. Kg4 $18 {and White stays clearly on top.}) 48... Rb2 49. Ra7+ Kg8 50. Kxh6 Rg2 {[#]} 51. Rd7 $1 {Black must now prevent d5.} Rg3 52. e4 Rg4 53. e5 (53. Rxd6 $16 {Rg6+ would kill now.} Rxe4 54. Kg6) 53... Rxd4 $11 {The position is equal.} 54. Rxd6 Rxd6+ 55. exd6 Kf7 {Weighted Error Value: White=0.22 (precise) /Black=0.24 (precise)} 1/2-1/2